| LEADER | 01453nam a2200253 4500 | ||
|---|---|---|---|
| 082 | |a 895.92213408 |b NH556b. | ||
| 100 | |a Phạm Hổ | ||
| 245 | |a Những bài thơ em yêu |c Phạm Hổ, Nguyễn Nghiệp tuyển chọn | ||
| 260 | |a H. |b Giáo dục |c 1997 | ||
| 300 | |a 155tr. |c 21cm | ||
| 520 | |a v.v. | ||
| 653 | |a Văn học hiện đại | ||
| 653 | |a thế kỉ 20 | ||
| 653 | |a Việt Nam | ||
| 653 | |a thơ | ||
| 653 | |a thiếu nhi | ||
| 942 | |2 ddc |c STK0 | ||
| 999 | |c 9987 |d 9987 | ||
| 952 | |0 0 |1 0 |2 ddc |4 0 |6 895_922134080000000_NH556B |7 0 |8 800 |9 78328 |a qbu |b qbu |c D5 |d 2015-07-16 |g 5300 |o 895.92213408 NH556b |p 9899.c1 |r 0000-00-00 |w 2015-07-16 |y STK0 | ||
| 952 | |0 0 |1 0 |2 ddc |4 0 |6 895_922134080000000_NH556B |7 0 |8 800 |9 78329 |a qbu |b qbu |c D5 |d 2015-07-16 |g 5300 |o 895.92213408 NH556b |p 9899.c2 |r 0000-00-00 |w 2015-07-16 |y STK0 | ||
| 952 | |0 0 |1 0 |2 ddc |4 0 |6 895_922134080000000_NH556B |7 0 |8 800 |9 78330 |a qbu |b qbu |c D5 |d 2015-07-16 |g 5300 |o 895.92213408 NH556b |p 9899.c3 |r 0000-00-00 |w 2015-07-16 |y STK0 | ||
| 952 | |0 0 |1 0 |2 ddc |4 0 |6 895_922134080000000_NH556B |7 0 |8 800 |9 78331 |a qbu |b qbu |c D5 |d 2015-07-16 |g 5300 |o 895.92213408 NH556b |p 9899.c4 |r 0000-00-00 |w 2015-07-16 |y STK0 | ||
| 952 | |0 0 |1 0 |2 ddc |4 0 |6 895_922134080000000_NH556B |7 0 |8 800 |9 78332 |a qbu |b qbu |c D5 |d 2015-07-16 |g 5300 |o 895.92213408 NH556b |p 9899.c5 |r 0000-00-00 |w 2015-07-16 |y STK0 | ||
| 952 | |0 0 |1 0 |2 ddc |4 0 |6 895_922134080000000_NH556B |7 0 |8 800 |9 78333 |a qbu |b qbu |c D5 |d 2015-07-16 |g 5300 |o 895.92213408 NH556b |p 9899.c6 |r 0000-00-00 |w 2015-07-16 |y STK0 | ||